1763 1104 1160 1546 1584 1443 1529 1643 1986 1418 1594 1251 1896 1394 1345 1571 1367 1257 1890 1824 1501 1576 1095 1934 1187 1876 1203 1366 1546 1243 1550 1998 1490 1445 1057 1855 1535 1588 1649 1711 1873 1617 1714 1175 1744 1150 1232 1211 1403 1103 1925 1018 1388 1090 1126 1873 1388 1075 1472 1361 1668 1509 1659 1624 1376 1521 1684 1762 1145 1108 1653 1271 1470 1142 1596 1158 1014 1165 1388 1735 1515 1065 1796 1271 1679 1212 1361 1373 1830 1774 1019 1690 1600 1707 1643 1752 1697 1357 1644 BCNSPRNW ULIB Ver.6.0+V

เปลี่ยนเป็นภาษาไทย

Change to English
 แสดงรายละเอียดบรรณานุกรม
  กลับหน้าหลัก

Brief Record : Get Marc (ISO 2709) : E-mail record : QR code < ปิดหน้าต่าง
LEADER : 00000nam 2200000uu 4500
001    13399120438
003     ULIB
008    120920s2548||||th 000 0 tha d
020    ^a9749940601
060 04 ^aWB115^bจ548ธ 2548
110 1  ^aจุฬาลงกรณ์มหาวิทยาลัย^bคณะแพทย์ศาสตร์^bภาควิชาอายุรศาสตร์
245 00 ^aเวชศาสตร์ร่วมสมัย 2548:การประชุมวิชาการประจำปีครั้งที่ 46=^bFrom Basic Science to Clinical Practice /^cบรรณาธิการ, ธานินทร์ อินทรกำชัย,ชุษณา สวนกระต่าย
246 14 ^aFrom Basic Science to Clinical Practice
250    ^aพิมพ์ครั้งที่ 1
260    ^aกรุงเทพฯ :^bภาควิชาศัลยศาสตร์ คณะแพทยศาสตร์จุฬาลงกรณ์มหาวิทยาลัย,^c2548
300    ^a219 หน้า :^bภาพประกอบ .
500    ^aชื่อเรืองที่ปกนอก: เวชศาสตร์ร่วมสมัย 2548 :การประชุมวิชาการประจำปี ครั้งที่ 46 คณะแพทยศาสตร์ จุฬาลงกรณ์มหาวิทยาลัย 23-27 มิถุนายน 2546
650  7 ^aโรคไหลตาย
650  7 ^aโรคไข้เลือดออกในผู้ใหญ่
650  7 ^aมะเร็งปอด
650  7 ^aท้องผูกจากโรคลำไส้ผิดปกติ
650  7 ^aไขมันในเลือด
700 0  ^aธานินทร์ อินทรกำชัย,^eบรรณาธิการ
700 0  ^aชุษณา สวนกระต่าย,^eบรรณาธิการ
711 2  ^aการประชุมวิชาการประจำปีคณะแพทยศาสตร์ จุฬาลงกรณ์มหาวิทยาลัย^n(ครั้งที่ 46 :^d2548 :^cกรุงเทพฯ)
945    ^p0^l0^i13844
995    ^aกัณชพร
999 ^a ใช้งานได้ทุกระบบ
รายการนี้ยังไม่มีแท็ก
คุณยังไม่ได้ล็อกอิน คุณสามารถมีกิจกรรมร่วมกับเว็บไซต์ได้ แต่ต้องล็อกอินก่อน ::
  ล็อกอิน

รายการสื่อสารสนเทศ

ลำดับที่ ประเภท เลขเรียก/บาร์โค้ด สถานที่ สถานะ
1. วิทยาศาสตร์การแพทย์ และสุขภาพ
วิทยาศาสตร์การแพทย์ และสุขภาพ
WB115 จ548ธ 2548 ฉ.2 
  Barcode: 13844
ห้องสมุดวิทยาเขตสวรรค์ประชารักษ์
►หนังสือทั่วไป
ถูกยืม กำหนดส่งวันที่ 11 พฤษภาคม 2558
  จอง

รายการใกล้เคียง
    หัวเรื่อง [ไขมันในเลือด]

BibComment


ยังไม่เคยถูกคอมเมนท์

คอมเมนท์ทรัพยากรรายการนี้
  คอมเมนท์: เวชศาสตร์ร่วมสมั..


 Copyright 2026. Bcnsprnw @Library